000 00289nam a22001337a 4500
008 170926b xxu||||| |||| 00| 0 eng d
020 _a9780205133994
041 _aeng
080 _24TH
_a37
100 _a46
101 _aEDU
245 _aMODELS OF TEACHING
_cJOYCE,B
942 _2udc
_cBK
999 _c29959
_d29959